| 000 | 00832 a2200229 4500 | ||
|---|---|---|---|
| 003 | 0 | ||
| 005 | 20160609155644.0 | ||
| 008 | 100513t xxu||||| |||| 00| 0 eng d | ||
| 040 |
_aBUAC _bFr |
||
| 041 | _aFr | ||
| 082 | _a016 | ||
| 110 |
_aUNESCO _95081 |
||
| 245 |
_aBibliographie de dictionnaires scientifiques et techniques multilingues = Bibliography of International Scientific and Technical Dictionaries = Bibliografia de Diccionarios cientificos y Técnicos Plurilingües _c UNESCO |
||
| 250 | _a5ème éd. | ||
| 260 |
_bEd. Unesco, _aParis : _c1965 |
||
| 300 |
_a250 p _b24 cm. |
||
| 500 | _aIndex des auteurs pp. 217 - 236, Index matières pp. 237 - 247 | ||
| 630 |
_aGENERALITES _95082 |
||
| 650 |
_aBibliographie : dictionnaire (français - anglais - espagnol) multilingue _95083 |
||
| 942 | _cLIVR | ||
| 999 |
_c35439 _d35439 |
||